|
|
|
|
| LEADER |
00000nam0a2200000 4500 |
| 001 |
366820 |
| 005 |
20231102011924.0 |
| 035 |
|
|
|a (RuTPU)RU\TPU\retro\24183
|
| 090 |
|
|
|a 366820
|
| 100 |
|
|
|a 20220218d1980 km y0rusy50 ca
|
| 101 |
0 |
|
|a rus
|
| 102 |
|
|
|a RU
|
| 105 |
|
|
|a a z 001zy
|
| 200 |
1 |
|
|a Проектирование электрической централизации
|f И. С. Ошурков, Р. Р. Баркаган
|
| 210 |
|
|
|a Москва
|c Транспорт
|d 1980
|
| 215 |
|
|
|a 295 с.
|c ил.
|
| 320 |
|
|
|a Библиогр.: с. 293
|
| 606 |
1 |
|
|a Железнодорожная централизация электрическая
|x Проектирование
|2 stltpush
|3 (RuTPU)RU\TPU\subj\10398
|9 37478
|
| 610 |
1 |
|
|a предпусковые испытания
|
| 610 |
1 |
|
|a изыскания
|
| 610 |
1 |
|
|a технические проекты
|
| 610 |
1 |
|
|a эксплуатационное проектирование
|
| 610 |
1 |
|
|a техническое проектирование
|
| 610 |
1 |
|
|a кабельные сети
|
| 610 |
1 |
|
|a требования
|
| 610 |
1 |
|
|a электрические схемы
|
| 610 |
1 |
|
|a построение
|
| 610 |
1 |
|
|a сортировочные станции
|
| 610 |
1 |
|
|a технические средства
|
| 610 |
1 |
|
|a электропитание
|
| 610 |
1 |
|
|a техника безопасности
|
| 610 |
1 |
|
|a охрана труда
|
| 675 |
|
|
|a 657.257
|v 4
|
| 700 |
|
1 |
|a Ошурков
|b И. С.
|g Игорь Сергеевич
|
| 701 |
|
1 |
|a Баркаган
|b Р. Р.
|g Роберт Рудольфович
|
| 801 |
|
1 |
|a RU
|b 63413507
|c 20220218
|
| 942 |
|
|
|c BK
|